01819nam a2200313 a 450000100100000000500170001000800410002704000250006808200240009310000270011724500580014426000780020230000290028049000350030950003040034459000270064865000420067565000460071765000420076365000510080565000390085665000470089583000410094291000370098395202140102095201270123495201290136199900150149000000296720250122110128.0090706s1985 dr ac 000 0 spa d aDO-SdBNPbspacBNPHU a305.42097285bC794n1 aCordero, Margarita93910aNicaragua :blas mujeres frente al proceso electoral. aSanto Domingo :bAsociación Dominicana de Amistad con Nicaragua,c1985. a53 p. :bretr. ;c21 cm.1 aEdiciones populares feministas a"Estas entrevistas fueron publicadas en el periódico "El Nuevo diario" entre el 29 de octubre y el 3 de noviembre de 1984, en el orden en que aquí son reproducidas. Las entrevistas a Rosa Julia Esquivel María Lourdes Bolaños aparecen por primera vez en esta edición."-- Verso de la portada aInventariado, 2018/MFF 4aDerechos de la mujerzNicaragua99423 4aMujeres en la políticazNicaragua99424 4aMujeres y socialismozNicaragua99425 4aMujeresxCondiciones socialeszNicaragua99426 4aSufragio femeninozNicaragua99427 4aMujeres como guerrilleraszNicaragua99428 0aEdiciones populares feministas99429 aValidado. Control de calidad MFF 001054708DSaGRbGRcHDd2015-06-22iLF1l0o305.42097285 C794np2967-40r2020-06-25te. 3w2020-06-25yLFDSzPerteneció a la biblioteca personal de Chiqui Vicioso / Fidelio Despradel.ZPréstamo en sala 0010718PDaPDbPDcHDd2011-06-10iLF1l0o305.42097285 C794np2967-30r2020-06-25te. 2w2020-06-25yLFPDZNo se presta 0010718PDaPDbPDcHDd2009-07-06e025165iLF1l0o305.42097285 C794np2967-10r2020-06-25w2020-06-25yLFPDZNo se presta c2799d2799